| 000 | 02316nam a2200457 i 4500 | ||
|---|---|---|---|
| 001 | 194890 | ||
| 003 | SpMaBN | ||
| 005 | 20240523063105.0 | ||
| 007 | ta | ||
| 008 | 240521s1620 sp a spa | ||
| 016 | 7 |
_abimaBNE19949182000 _zPAB1700095224 _zBNE19940182001 _zIND2000919295 _zBNE20060754141 _zIND2000919296 _zBNE20060754152 _2SpMaBN |
|
| 035 | _a(OCoLC)434013110 | ||
| 035 | _aMima0000007403 | ||
| 040 |
_aPalacio Real. Catálogo de impresos españoles del S. XVII _bspa _cSpMaBN _erdc _dM_BN _dES-MaACL |
||
| 100 | 1 |
_aVera y Figueroa, Juan Antonio de, _cConde de la Roca. _0XX824862 _9236514 |
|
| 245 | 1 | 3 |
_aEl enbaxador / _cpor don Iuan Antonio de Vera i Çuniga ... |
| 260 |
_aEn Seuilla : _bpor Francisco de Lyra, _c1620. |
||
| 300 |
_a[3], 151, [1] en bl., 131, [24] h., [1] en bl., [1] h. de grab. ; _c4º |
||
| 336 |
_2rdacontent _atexto |
||
| 337 |
_2rdamedia _asin mediación |
||
| 338 |
_2rdacarrier _avolumen |
||
| 510 |
_aPalau, XXVI, _c358982 |
||
| 510 |
_aCCPB, _c000271996-7 |
||
| 510 |
_aCCPB, _c000042768-3 |
||
| 510 |
_aMadrid. Ateneo, _cR-876 |
||
| 597 | _aSign.: [ ]³, A-T⁸, 2A-2Q⁸, 2R-2Z⁴ | ||
| 597 | _aErratas en signaturas: Ii1 (en lugar de Yi1) | ||
| 597 | _aLetra redonda y cursiva. Apostillas marginales. Reclamos | ||
| 599 | _aPortada grabada calcográfica arquitectónica | ||
| 599 | _aLa h. de grabado calcográfico con emblemas: "Alardo de Popma Sculpsit Hispali" | ||
| 650 | 7 |
_aÉtica política- _9138374 _vObras anteriores a 1800 |
|
| 700 |
_aLyra, Francisco de, _dactivo 1611-1650 _0http://datos.bne.es/resource/XX5085063 _9236515 |
||
| 700 |
_aPopma, Alardo de, _dactivo 1617-1641 _0http://datos.bne.es/resource/XX1174833 _9236516 |
||
| 752 |
_aEspaña _dSevilla |
||
| 852 |
_aES-MaACL _jR-876 _dOlim: G- 1583 _xEncuadernación pergamino _eEjemplar mútilo: falto de las últimas 3 hojas de la Tabla, sustituidas por otras manuscritas _cDEPO _9173655 |
||
| 856 | 4 | 1 |
_uhttp://bdh-rd.bne.es/viewer.vm?id=0000050673&page=1 _zVersión en línea _yBiblioteca Digital Hispánica |
| 856 | 4 | 1 |
_uhttps://iump.ucm.es/DialogycaBDDH/BDDH325/ _zVersión en línea _yDialogyca: Biblioteca Digital de Diálogo Hispánico |
| 942 |
_n0 _cMONANT |
||
| 999 |
_c194890 _d194890 |
||